Normal view MARC view
  • Clark, John W.

Entry Personal Name

Number of records used in: 3

001 - CONTROL NUMBER

  • control field: 8583

003 - CONTROL NUMBER IDENTIFIER

  • control field: NUST

005 - DATE AND TIME OF LATEST TRANSACTION

  • control field: 20180118095740.0

008 - FIXED-LENGTH DATA ELEMENTS

  • fixed length control field: 180118|| aca||aabn | a|a d

040 ## - CATALOGING SOURCE

  • Original cataloging agency: NUST
  • Transcribing agency: NUST

100 ## - HEADING--PERSONAL NAME

  • Personal name: Clark, John W.
  • Fuller form of name: (John William).
  • Title of a work: Water supply and pollution control.

670 ## - SOURCE DATA FOUND

  • Source citation: Work cat.: (NUST)0: Viessman, Warren. 715, Water supply and pollution control /, c1985.
© 2023 Central Library, National University of Sciences and Technology. All Rights Reserved.